00855cam a2200193 a 450000100100000000500170001000800410002702000150006804000330008308200180011624501530013424600590028726001370034630000210048350400630050465000340056765000240060170000360062500000365120240508073814.0061205s2005 uy b f001 p spa d a9974360927 aDO-SdBNPcZCUdZCUdIQUdDLC aU861.5bN126i00aNada es igual después de la poesía :bcincuenta poetas uruguayos del medio siglo (1955-2005) /cGerardo Ciancio, selección, prólogo y notas.30aCincuenta poetas uruguayos del medio siglo (1955-2005) a[Montevideo, Uruguay] :bMinisterio de Educación y Cultura, Archivo General de la Nación, Centro de Difusión del Libro,c2005. a203 p. ;c23 cm. aObras poéticas de los autores de la muestra: p. 193-197. 4aPoesía uruguayay20th SIGLO 4aLiteratura uruguaya1 aCiancio, Gerardo.d1962-ecomp.